Polscy reprezentanci na Eurowizji - Statystyki

Ogólne statystyki
  • Ten quiz został rozwiązany 49 razy
  • Średni wynik to 17 z 28
Statystyki odpowiedzi
Hint Odpowiedź % Poprawnych
1994 Edyta Górniak
93%
1995 Justyna Steczkowska
93%
2025 Justyna Steczkowska
93%
2023 Blanka
87%
2016 Michał Szpak
85%
2024 Luna
83%
2014 Donatan i Cleo
80%
2003 Ich Troje
80%
2006 Ich Troje
80%
2021 Rafał Brzozowski
80%
2022 Krystian Ochman
76%
2011 Magdalena Tul
67%
2019 Tulia
65%
2017 Kasia Moś
59%
2020* Alicja Szemplińska
54%
1997 Anna Maria Jopek
54%
2001 Andrzej Piaseczny
50%
1996 Kasia Kowalska
50%
2004 Blue Cafe
48%
2018 Gromee i Lukas Meijer
48%
1999 Mietek Szcześniak
48%
2008 Isis Gee
37%
2015 Monika Kuszyńska
37%
1998 Sixteen
35%
2005 Ivan i Delfin
33%
2009 Lidia Kopania
33%
2010 Marcin Mroziński
33%
2007 The Jet Set
28%
Nie znaleziono quizów pasujących do podanych kryteriów
Rozkład punktacji
Procent ludzi z każdym wynikiem
Percentyl według liczby udzielonych odpowiedzi
Twoja historia wyników
Nie rozwiązałeś tego quizu